00674nam a2200145 a 450000100100000000500170001000800410002704000240006808200150009210000370010724501200014426000610026430000190032550001840034400003304720200930070008.0110808s19-- 000 0 spa d aDO-SdBNPbspacNPHU axxxxbH5571 aHernández Álvarez, Francisco10aAlgunas observaciones de peritonitis supuradas tratadas por el alcohol etilico. /cFrancisco Hernández Álvarez. aSantiago, República Dominicana :bEl Diario,c[194-?]. a57 p ;c23 cm. aTesis para obtar por el grado doctor, sutentado por Francisco Hernández Álvarez año académico de 1941-1942 num. 16 en la Universidad de Santo Domingo, Facultad de Medicina